01653nam a2200397 a 450000500170000000800410001702000150005804100080007309200200008110000430010124500850014425000110022926000360024030000110027650001200028765300400040765300410044765300360048865300340052465300210055865300430057965300220062265300700064465300370071465300220075165300530077365300220082665300320084865300400088065300170092065300700093765300270100794200120103499900150104695201940106120240506134301.0100318t2004||||ag a f |||| 001 0 spa d a9879165489 aspa c616.89l54sMUL1 aMüller, Fernando W.9471eCompilador aEntrenamiento médico para la cesación del tabaquismo /cFernando W. Müller a1a ed. aBuenos Aires: bPolemos;c2004. a254 p. aMüller, F. W. (2004). Entrenamiento médico para la cesación del tabaquismo. (1a ed.). Buenos Aires : Polemos. 3aPrimera parte: El tabaco y la salud aPelea contra un gigante. Su historia 3aEl tabaquismo mata. Sus trampas aConsumo de tabaco en el mundo aFumar sin querer aHumo del cigarrillo y carcinogénesis 1a¿Qué es fumar? aTabaco y sistemas. Los efectos adversos del tabaco sobre la salud aTabaco e hipertensión arterial aTabaco y diabetes aSegunda parte: Cesación y tratamiento médico aTratamiento MEDEF aTratamiento farmacológico aTratamiento médico. "Entrevistas" aGrupos MEDEF aAnexo:Legislación Nacional e Internacional de control de tabaco aAnexo: Sumar esfuerzos 2ddccBK c2170d2170 00102ddc4070aBFMbBFMcCRd2015-06-30eDonación Manuel Ciruzzi, Junio 2015l2o616.89 54 MULp3503r2017-05-12s2017-05-11tEj.1w2015-06-30yBKzDonación Manuel Ciruzzi, Junio 2015